Rozhodovací proces podnikov pri výbere bánk a bankových produktov bakalárska práca

Na minha lista:
Detalhes bibliográficos
Autor principal: Maskaľová, Zuzana
Autor Corporativo: Podnikovohospodárska fakulta EU so sídlom v Košiciach. Katedra marketingu a obchodu
Outros Autores: Naščáková, Jana
Formato: Livro
Idioma:eslovaco
Publicado em: Košice 2013
Tags: Adicionar Tag
Sem tags, seja o primeiro a adicionar uma tag!

MARC

LEADER 00000nbm a2200000 4500
001 0172198
005 20161109112034.7
041 0 |a slo 
044 |a SK 
245 1 0 |a Rozhodovací proces podnikov pri výbere bánk a bankových produktov  |b bakalárska práca  |c Zuzana Maskaľová ; školiteľ: Jana Naščáková 
264 1 |a Košice  |c 2013 
300 |a 57 s. 
100 1 |a Maskaľová, Zuzana 
700 1 |a Naščáková, Jana 
710 2 |a Podnikovohospodárska fakulta EU so sídlom v Košiciach. Katedra marketingu a obchodu